Tell el-Dab'a V : ein Friedhofsbezerk der mittleren Bronzezeitkultur mit Totentempel und Siedlungsschichten /
Main Author:
Other Authors: ,
Format: Book
Language: German
Published:
Wien :
Verlag der Österreichischen Akademie der Wissenschaften,
1991.
Series:
Untersuchungen der Zweigstelle Kairo des Österreichischen Archäologischen Institutes ;
8.
Denkschriften der Gesamtakademie ;
9.
Subjects:
Tags: Add Tag
Call Number: DT57 .O69 v.8
| LEADER | 01578namaa2200361 4500 | ||
|---|---|---|---|
| 001 | 5814 | ||
| 003 | OSt | ||
| 005 | 20260427131556.0 | ||
| 008 | 130303s1991 au abe b 001 0 ger d | ||
| 020 | |a 9783700118848 | ||
| 020 | |a 3700118848 | ||
| 035 | |a ocm28530539 | ||
| 040 | |c ARCE Library | ||
| 043 | |a f-ua--- | ||
| 050 | 4 | |a DT57 .O69 v.8 | |
| 100 | 1 | |a Bietak, Manfred, |e author |9 26783 | |
| 245 | 1 | 0 | |a Tell el-Dab'a V : |b ein Friedhofsbezerk der mittleren Bronzezeitkultur mit Totentempel und Siedlungsschichten / |c Manfred Bietak ; unter Mitarbeit von Christa Mlinar und Angela Schwab, mit planen und zeichnungen von Margarethe Bietak, Reginald Coleman, Christa Mlinar, Angela Schwab, Liza Holeil und Brigitte Schindlauer. |
| 264 | 1 | |a Wien : |b Verlag der Österreichischen Akademie der Wissenschaften, |c 1991. | |
| 300 | |a 339 pages : |b illustrations (some folded), maps, 8 folded plans ; |c 31 cm. | ||
| 490 | 1 | |a Untersuchungen der Zweigstelle Kairo des Östereichischen Archäologischen Institutes ; |v 8. | |
| 490 | 1 | |a Deukschriften der Gesamtakademie ; |v 9. | |
| 500 | |a Eight folded plans in pocket. | ||
| 504 | |a Includes bibliographical references (pages 316-333) and index. | ||
| 505 | 2 | |g Teil I. | |
| 651 | 0 | |a Ḍabʻah, Tall al- (Egypt) | |
| 651 | 0 | |a Egypt |x Antiquities. | |
| 700 | 1 | |a Mlinar, Christa, |9 36081 | |
| 700 | 1 | |a Schwab, Angela, | |
| 830 | 0 | |a Untersuchungen der Zweigstelle Kairo des Österreichischen Archäologischen Institutes ; |v 8. | |
| 830 | 0 | |a Denkschriften der Gesamtakademie ; |v 9. | |
| 901 | |a reviewed | ||
| 942 | |c BK |2 lcc | ||
| 999 | |c 5950 |d 5950 | ||
